000 01048nam a2200253 a 4500
001 000043273
005 20250909091242.0
008 140303s2007 sp 000 0 spa d
020 _a9788483470718
040 _aDO-SdBNP
_bspa
_cBNPHU
100 1 _aGuillén, Arturo
_970891
245 1 0 _aCelso Furtado /
_cArturo Guillén, Gregorio Vidal.
260 _aMadrid :
_bAgencia Española de Cooperación Internacional,
_c2007.
300 _a285 p. ;
_c24 cm.
490 1 _aAntología del pensamiento político, social y económico de América latina ;
_v23
490 1 _aCiencias y humanismo
504 _aIncluye referencias bibliográficas y notas al pie de las páginas
504 _aBibliografía : p. 279-285
500 _aIncluye datos biográficos del autor en al solapa de la cubierta
700 1 _aVidal, Gregorio
_970892
710 2 _aAgencia Española de Cooperación Internacional
_934585
830 0 _aAntología del pensamiento político, social y económico de América latina
_v23
_970870
830 0 _aCiencias y humanismo
_970218
999 _c42762
_d42762